Sobre la norma del gusto, la normatividad del arte y la narración de la justicia / (Record no. 110051)

MARC details
000 -LEADER
fixed length control field 00670nam a22002057a 4500
005 - DATE AND TIME OF LATEST TRANSACTION
control field 20151202092653.0
008 - FIXED-LENGTH DATA ELEMENTS--GENERAL INFORMATION
fixed length control field 151202b mx||||| |||| 00| 0 spa d
020 ## - INTERNATIONAL STANDARD BOOK NUMBER
International Standard Book Number 9706333231
050 04 - LIBRARY OF CONGRESS CALL NUMBER
Classification number NX175
Item number M37 2006
100 1# - MAIN ENTRY--PERSONAL NAME
Personal name Martyniuk, Claudio Eduardo
245 10 - TITLE STATEMENT
Title Sobre la norma del gusto, la normatividad del arte y la narración de la justicia /
Statement of responsibility, etc Claudio Martyniuk
250 ## - EDITION STATEMENT
Edition statement 1a ed.
260 ## - PUBLICATION, DISTRIBUTION, ETC. (IMPRINT)
Place of publication, distribution, etc México, D.F. :
Name of publisher, distributor, etc Coyoacán,
Date of publication, distribution, etc 2006
300 ## - PHYSICAL DESCRIPTION
Extent 161 p. ;
Dimensions 21 cm.
490 #0 - SERIES STATEMENT
Series statement Filosofía y Cultura Contemporánea,
Volume number/sequential designation No. 26
650 #7 - SUBJECT ADDED ENTRY--TOPICAL TERM
Source of heading or term Lemb
Topical term or geographic name as entry element Artes
General subdivision Filosofía
650 #7 - SUBJECT ADDED ENTRY--TOPICAL TERM
Source of heading or term Lemb
Topical term or geographic name as entry element Estética moderna
Chronological subdivision Siglo XX
650 #4 - SUBJECT ADDED ENTRY--TOPICAL TERM
Topical term or geographic name as entry element Utopías
942 ## - ADDED ENTRY ELEMENTS (KOHA)
Source of classification or shelving scheme Biblioteca del Cogreso de los Estados Unidos
Koha item type Libro
Holdings
Estado de pérdida Fuente de clasificación Estado del daño No para préstamo Ubicación permanente Ubicación actual Apartado o colección Fecha de adquisición Edición Área del conocimiento Clasificación Código de Barras Date last seen Número de copia Tipo de recurso
  Biblioteca del Cogreso de los Estados Unidos     Biblioteca de la Facultad de Filosofía Biblioteca de la Facultad de Filosofía General 02/12/2015 1a ed. Educación y Humanidades NX175 M37 2006 BFF000014496 02/12/2015 1 Libro